Qué significa trabajar aquí (Registro nro. 10775)
[ vista simple ]
| 000 -LEADER | |
|---|---|
| fixed length control field | 00373 a2200121 4500 |
| 001 - CONTROL NUMBER | |
| control field | ART_10116 |
| 005 - DATE AND TIME OF LATEST TRANSACTION | |
| control field | 20260410161612.0 |
| 008 - FIXED-LENGTH DATA ELEMENTS--GENERAL INFORMATION | |
| fixed length control field | 260409a |
| 100 1# - MAIN ENTRY--PERSONAL NAME | |
| Personal name | Erickson, Tamara J. |
| 245 10 - TITLE STATEMENT | |
| Title | Qué significa trabajar aquí |
| 700 1# - ADDED ENTRY--PERSONAL NAME | |
| Personal name | Gratton, Lynda |
| 773 0# - HOST ITEM ENTRY | |
| Title | Harvard Business Review |
| Related parts | Diseñar la estrategia - Vol. 85, Nº 3 (mar. 2007) |
| Record control number | REV340 |
No hay ítems disponibles.